01327nac a22003377a 4500001001000000003000900010005001700019008003400036040005400070072000800124090001900132100002100151100001800172100001400190100001900204110007600223245015700299246009100456260003700547300000900584490010000593650001100693650001200704650001000716650001500726650001900741909004700760942001700807999001900824952014600843BR8602198BR-BrBNA20240105120416.0230509b bl.|||m| |||| 00| 0 por d aBR-BrBNAbporcBiblioteca Nacional de Agricultura aH20 a1410 BR86021981 aSantos, A.F. dos1 aAthayde, J.T.1 aDan, E.L.1 aPacova, B.E.V.1 aEmpresa Capixaba de Pesquisa Agropecuaria, Cariacica, ES (Brasil)939511 aFungos associados as sementes de feijao (Phaseolus vulgaris L.)no estado do Espirito Santo [Fusarium spp., Aspergillus sp., Rhizopus sp, Penicillium sp]1 a[Fungi associated to bean seeds (Phaseolus vulgaris L.)in the state of Espirito Santo]3 aCariacica, ES (Brasil): c1986.  a3 p. aComunicado Tecnico - Empresa Capixaba de Pesquisa Agropecuaria (Brazil)vno. 43xISSN 0101-7683 aFEIJAO aSEMENTE aFUNGO aINFESTACAO aESPIRITO SANTO a202312bLúcia Elandec55dLúcia Elande 2AGRISn0cMS c279291d279291 002AGRIS40708Acervo Gerala41918b41918cAGROBASEl0o1410 BR8602198p1410 BR8602198r2023-12-18yMSePortaria Interministerial nº 164/94